[Event "Turkey IS Bank Super League 2017"]
[Site "Darica-Kocaeli"]
[Date "2017.08.04"]
[Round "10"]
[White "Tuna, Alp"]
[Black "Kamer, Kayra"]
[Result "1/2-1/2"]
[WhiteElo "2280"]
[BlackElo "2062"]
[Annotator "ChessBase"]
[PlyCount "213"]
[EventType "team-tourn"]
[EventCountry "TUR"]
[SourceTitle "playchess.com"]
[Source "ChessBase"]
[SourceQuality "1"]
[TimeControl "40/5400+30:1800+30"]

1. e4 {[%emt 0:00:30]} c5 {[%emt 0:01:00]} 2. Nf3 {[%emt 0:00:30]} e6 {[%emt 0:00:30]} 3. d4 {[%emt 0:00:30]} cxd4 {[%emt 0:00:30]} 4. Nxd4 {[%emt 0:00:30]} a6 {[%emt 0:00:30]} 5. c4 {[%emt 0:00:30]} Nf6 {[%emt 0:00:30]} 6. Nc3 {[%emt 0:00:00]} Qc7 {[%emt 0:00:30]} 7. a3 {[%emt 0:00:00]} Nc6 {[%emt 0:01:30]} 8. Be2 {[%emt 0:06:30]} Nxd4 {[%emt 0:02:30]} 9. Qxd4 {[%emt 0:00:30]} Bc5 {[%emt 0:00:30]} 10. Qd3 {[%emt 0:00:30]} d6 {[%emt 0:00:30]} 11. b4 {[%emt 0:02:30]} Ba7 {[%emt 0:00:30]} 12. O-O {[%emt 0:05:30]} O-O {[%emt 0:00:30]} 13. Rd1 {[%emt 0:06:30]} Ne8 {[%emt 0:05:30]} 14. Be3 {[%emt 0:14:30]} Bxe3 {[%emt 0:02:30]} 15. Qxe3 {[%emt 0:00:00]} b6 {[%emt 0:01:30]} 16. Rac1 {[%emt 0:01:00]} Rb8 {[%emt 0:02:30]} 17. Rd2 {[%emt 0:16:30]} Bb7 {[%emt 0:00:30]} 18. Rcd1 {[%emt 0:01:30]} h6 {[%emt 0:06:30]} 19. e5 {[%emt 0:11:30]} dxe5 {[%emt 0:01:30]} 20. Rd7 {[%emt 0:00:30]} Qc8 {[%emt 0:00:00]} 21. Rd8 {[%emt 0:01:30]} Qxd8 {[%emt 0:00:00]} 22. Rxd8 {[%emt 0:00:30]} Rxd8 {[%emt 0:00:30]} 23. Qxb6 {[%emt 0:00:30]} Rd7 {[%emt 0:00:30]} 24. c5 {[%emt 0:01:30]} Bc8 {[%emt 0:00:00]} 25. Bxa6 {[%emt 0:04:30]} Nc7 {[%emt 0:00:00]} 26. c6 {[%emt 0:12:23]} Rd4 {[%emt 0:00:30]} 27. Qxc7 {[%emt 0:03:22]} Bxa6 {[%emt 0:00:30]} 28. Qxe5 {[%emt 0:06:47]} Rc4 {[%emt 0:00:00]} 29. h3 {[%emt 0:01:35]} Rxc6 {[%emt 0:00:00]} 30. b5 {[%emt 0:00:17]} Rxc3 {[%emt 0:00:00]} 31. Qxc3 {[%emt 0:00:23]} Bxb5 {[%emt 0:00:00]} 32. Qb4 {[%emt 0:00:35]} Bc6 {[%emt 0:00:00]} 33. a4 {[%emt 0:00:22]} Bd5 {[%emt 0:00:00]} 34. a5 {[%emt 0:01:01]} Rc8 {[%emt 0:00:30]} 35. Qb2 {[%emt 0:01:37]} Rc4 {[%emt 0:00:30]} 36. Qa3 {[%emt 0:00:33]} Rc2 {[%emt 0:00:30]} 37. Qd6 {[%emt 0:00:31]} Ra2 {[%emt 0:00:30]} 38. a6 {[%emt 0:00:27]} g6 {[%emt 0:01:30]} 39. a7 {[%emt 0:00:32]} g5 {[%emt 0:02:30]} 40. Qb8+ {[%emt 0:00:44]} Kg7 {[%emt 0:00:00]} 41. Qe5+ {[%emt 0:02:51]} f6 {[%emt 0:01:00]} 42. Qc7+ {[%emt 0:01:30]} Kg6 {[%emt 0:00:00]} 43. Qb8 {[%emt 0:00:30]} Kg7 {[%emt 0:01:00]} 44. Qb6 {[%emt 0:01:30]} h5 {[%emt 0:01:30]} 45. Qd4 {[%emt 0:14:39]} h4 {[%emt 0:02:30]} 46. Kf1 {[%emt 0:01:47]} Kf7 {[%emt 0:01:30]} 47. f3 {[%emt 0:03:46]} Kg7 {[%emt 0:01:30]} 48. Ke1 {[%emt 0:01:13]} Kf7 {[%emt 0:01:30]} 49. Kd1 {[%emt 0:00:41]} Kg7 {[%emt 0:02:30]} 50. Kc1 {[%emt 0:00:04]} Kg6 {[%emt 0:07:30]} 51. Kb1 {[%emt 0:00:38]} Rxg2 {[%emt 0:05:30]} 52. Qxd5 {[%emt 0:00:30]} exd5 {[%emt 0:00:30]} 53. a8=Q {[%emt 0:00:00]} Rg3 {[%emt 0:00:00]} 54. Qg8+ {[%emt 0:02:17]} Kh6 {[%emt 0:00:00]} 55. Qh8+ {[%emt 0:00:30]} Kg6 {[%emt 0:00:30]} 56. Qg8+ {[%emt 0:00:30]} Kh6 {[%emt 0:00:30]} 57. Qxd5 {[%emt 0:00:30]} Rxh3 {[%emt 0:00:00]} 58. Qf5 {[%emt 0:00:00]} Rh1+ {[%emt 0:00:00]} 59. Kb2 {[%emt 0:01:36]} Kg7 {[%emt 0:00:00]} 60. Qg4 {[%emt 0:00:31]} h3 {[%emt 0:01:00]} 61. f4 {[%emt 0:02:53]} h2 {[%emt 0:01:30]} 62. Qg2 {[%emt 0:00:08]} Re1 {[%emt 0:00:30]} 63. Qxh2 {[%emt 0:00:01]} gxf4 {[%emt 0:00:30]} 64. Qxf4 {[%emt 0:01:15]} Re5 {[%emt 0:00:00]} 65. Kc3 {[%emt 0:00:21]} Kg6 {[%emt 0:00:00]} 66. Qg4+ {[%emt 0:00:19]} Rg5 {[%emt 0:01:30]} 67. Qe6 {[%emt 0:00:04]} Re5 {[%emt 0:00:00]} 68. Qg8+ {[%emt 0:00:30]} Kf5 {[%emt 0:00:00]} 69. Kd4 {[%emt 0:00:00]} Ra5 {[%emt 0:04:30]} 70. Ke3 {[%emt 0:01:35]} Rc5 {[%emt 0:03:30]} 71. Qh7+ {[%emt 0:00:08]} Ke6 {[%emt 0:00:30]} 72. Qh3+ {[%emt 0:00:32]} Ke7 {[%emt 0:00:30]} 73. Qh7+ {[%emt 0:00:30]} Ke6 {[%emt 0:00:30]} 74. Ke4 {[%emt 0:01:21]} Re5+ {[%emt 0:00:30]} 75. Kf4 {[%emt 0:00:30]} Rg5 {[%emt 0:00:00]} 76. Qh3+ {[%emt 0:00:30]} Ke7 {[%emt 0:00:00]} 77. Qc8 {[%emt 0:00:14]} Re5 {[%emt 0:00:00]} 78. Qc7+ {[%emt 0:00:30]} Ke6 {[%emt 0:00:00]} 79. Qc6+ {[%emt 0:00:30]} Ke7 {[%emt 0:00:30]} 80. Qb6 {[%emt 0:00:30]} Rg5 {[%emt 0:00:00]} 81. Qc7+ {[%emt 0:01:57]} Ke6 {[%emt 0:00:00]} 82. Qd8 {[%emt 0:00:00]} Rf5+ {[%emt 0:00:30]} 83. Ke4 {[%emt 0:00:00]} Re5+ {[%emt 0:00:30]} 84. Kd4 {[%emt 0:00:00]} Kf7 {[%emt 0:00:00]} 85. Qd7+ {[%emt 0:00:02]} Kg6 {[%emt 0:00:00]} 86. Qc7 {[%emt 0:00:30]} Rg5 {[%emt 0:00:30]} 87. Qc2+ {[%emt 0:00:30]} Kf7 {[%emt 0:00:30]} 88. Qh7+ {[%emt 0:00:30]} Ke6 {[%emt 0:00:30]} 89. Qh8 {[%emt 0:00:56]} Ke7 {[%emt 0:00:30]} 90. Ke4 {[%emt 0:00:30]} Re5+ {[%emt 0:00:30]} 91. Kf4 {[%emt 0:00:30]} Rg5 {[%emt 0:00:00]} 92. Kf3 {[%emt 0:00:00]} Rf5+ {[%emt 0:00:00]} 93. Kg4 {[%emt 0:00:17]} Rg5+ {[%emt 0:00:30]} 94. Kf4 {[%emt 0:00:00]} Kf7 {[%emt 0:00:00]} 95. Qh7+ {[%emt 0:00:17]} Ke6 {[%emt 0:00:00]} 96. Qe4+ {[%emt 0:00:37]} Re5 {[%emt 0:00:00]} 97. Qc6+ {[%emt 0:00:28]} Ke7 {[%emt 0:00:00]} 98. Qc7+ {[%emt 0:00:12]} Ke6 {[%emt 0:00:30]} 99. Qd8 {[%emt 0:00:16]} Rf5+ {[%emt 0:00:00]} 100. Ke4 {[%emt 0:00:31]} Re5+ {[%emt 0:00:00]} 101. Kd4 {[%emt 0:00:00]} Kf7 {[%emt 0:00:30]} 102. Qd7+ {[%emt 0:00:19]} Kg6 {[%emt 0:00:30]} 103. Qb7 {[%emt 0:00:30]} Rg5 {[%emt 0:00:30]} 104. Qe4+ {[%emt 0:00:30]} Kf7 {[%emt 0:00:30]} 105. Qf4 {[%emt 0:00:30]} Re5 {[%emt 0:00:30]} 106. Qxe5 {[%emt 0:00:30]} fxe5+ {[%emt 0:00:30]} 107. Kxe5 {[%emt 0:00:00]} 1/2-1/2

[Event "Turkey IS Bank Super League 2017"]
[Site "Darica-Kocaeli"]
[Date "2017.08.04"]
[Round "10"]
[White "Samani, Yamac"]
[Black "Gundogan, Cem"]
[Result "1-0"]
[WhiteElo "2263"]
[BlackElo "2062"]
[Annotator "ChessBase"]
[PlyCount "107"]
[EventType "team-tourn"]
[EventCountry "TUR"]
[SourceTitle "playchess.com"]
[Source "ChessBase"]
[SourceQuality "1"]
[TimeControl "40/5400+30:1800+30"]

1. e4 {[%emt 0:00:30]} e6 {[%emt 0:01:00]} 2. d4 {[%emt 0:00:30]} d5 {[%emt 0:00:30]} 3. Nd2 {[%emt 0:00:30]} g6 {[%emt 0:07:30]} 4. Ngf3 {[%emt 0:00:30]} Bg7 {[%emt 0:00:30]} 5. Bd3 {[%emt 0:00:30]} Ne7 {[%emt 0:00:30]} 6. O-O {[%emt 0:01:30]} O-O {[%emt 0:01:30]} 7. c3 {[%emt 0:00:30]} b6 {[%emt 0:07:30]} 8. Re1 {[%emt 0:07:30]} c5 {[%emt 0:03:30]} 9. e5 {[%emt 0:06:30]} Nbc6 {[%emt 0:11:30]} 10. Nf1 {[%emt 0:05:30]} cxd4 {[%emt 0:14:30]} 11. cxd4 {[%emt 0:00:30]} f6 {[%emt 0:01:30]} 12. Bf4 {[%emt 0:09:30]} fxe5 {[%emt 0:07:30]} 13. Bxe5 {[%emt 0:00:30]} Nxe5 {[%emt 0:05:30]} 14. Nxe5 {[%emt 0:03:30]} Nf5 {[%emt 0:05:30]} 15. Bxf5 {[%emt 0:22:30]} Rxf5 {[%emt 0:05:30]} 16. Ne3 {[%emt 0:02:30]} Rf8 {[%emt 0:05:18]} 17. Nf3 {[%emt 0:05:30]} Qd6 {[%emt 0:00:54]} 18. Ng4 {[%emt 0:03:30]} a5 {[%emt 0:05:16]} 19. Nge5 {[%emt 0:00:30]} Ba6 {[%emt 0:00:12]} 20. Rc1 {[%emt 0:03:30]} Rac8 {[%emt 0:00:21]} 21. Qd2 {[%emt 0:01:30]} Bb5 {[%emt 0:04:36]} 22. a3 {[%emt 0:03:30]} Rfe8 {[%emt 0:00:39]} 23. Rxc8 {[%emt 0:03:35]} Rxc8 {[%emt 0:00:30]} 24. Rc1 {[%emt 0:00:30]} Qf8 {[%emt 0:00:30]} 25. h4 {[%emt 0:00:08]} Ba6 {[%emt 0:06:04]} 26. Rxc8 {[%emt 0:01:56]} Qxc8 {[%emt 0:02:49]} 27. Qd1 {[%emt 0:06:12]} Bf6 {[%emt 0:01:43]} 28. Qd2 {[%emt 0:02:58]} Bg7 {[%emt 0:00:29]} 29. Qd1 {[%emt 0:02:59]} Bf6 {[%emt 0:00:12]} 30. Qd2 {[%emt 0:00:54]} Kg7 {[%emt 0:01:17]} 31. Ng4 {[%emt 0:00:40]} Bd8 {[%emt 0:00:34]} 32. Nfe5 {[%emt 0:01:48]} Qc7 {[%emt 0:00:35]} 33. g3 {[%emt 0:02:14]} Bb5 {[%emt 0:00:26]} 34. Qe3 {[%emt 0:00:30]} Be8 {[%emt 0:00:16]} 35. Nf3 {[%emt 0:00:26]} Qd6 {[%emt 0:00:48]} 36. Qh6+ {[%emt 0:01:22]} Kg8 {[%emt 0:00:11]} 37. Nge5 {[%emt 0:00:06]} Qf8 {[%emt 0:00:48]} 38. Qe3 {[%emt 0:00:36]} Kg7 {[%emt 0:00:30]} 39. Nd3 {[%emt 0:00:49]} Qf6 {[%emt 0:00:31]} 40. Nf4 {[%emt 0:00:00]} Bf7 {[%emt 0:01:01]} 41. Ng5 {[%emt 0:02:47]} Be7 {[%emt 0:08:30]} 42. Ngxe6+ {[%emt 0:03:30]} Kh8 {[%emt 0:00:30]} 43. Nxd5 {[%emt 0:02:30]} Qxe6 {[%emt 0:00:30]} 44. Qxe6 {[%emt 0:00:30]} Bxe6 {[%emt 0:00:30]} 45. Nxe7 {[%emt 0:01:30]} Kg7 {[%emt 0:04:59]} 46. Nc6 {[%emt 0:02:30]} Kf6 {[%emt 0:02:59]} 47. f3 {[%emt 0:00:30]} g5 {[%emt 0:03:03]} 48. hxg5+ {[%emt 0:00:30]} Kxg5 {[%emt 0:00:30]} 49. Kf2 {[%emt 0:00:30]} Bd5 {[%emt 0:00:02]} 50. Ne5 {[%emt 0:00:30]} b5 {[%emt 0:00:09]} 51. Ke3 {[%emt 0:00:30]} h5 {[%emt 0:00:00]} 52. Nd3 {[%emt 0:00:30]} Bc4 {[%emt 0:00:30]} 53. Ke4 {[%emt 0:00:30]} h4 {[%emt 0:00:19]} 54. f4+ {[%emt 0:01:30]} 1-0

[Event "Turkey IS Bank Super League 2017"]
[Site "Darica-Kocaeli"]
[Date "2017.08.04"]
[Round "10"]
[White "Yaran, Siar"]
[Black "Tofan, Ibrahim"]
[Result "1-0"]
[WhiteElo "2253"]
[BlackElo "2194"]
[Annotator "ChessBase"]
[PlyCount "83"]
[EventType "team-tourn"]
[EventCountry "TUR"]
[SourceTitle "playchess.com"]
[Source "ChessBase"]
[SourceQuality "1"]
[TimeControl "40/5400+30:1800+30"]

1. b3 {[%emt 0:00:30]} b6 {[%emt 0:01:00]} 2. Bb2 {[%emt 0:00:30]} Bb7 {[%emt 0:00:30]} 3. e3 {[%emt 0:00:00]} Nf6 {[%emt 0:00:30]} 4. f4 {[%emt 0:01:00]} d6 {[%emt 0:00:30]} 5. Nf3 {[%emt 0:00:30]} Nbd7 {[%emt 0:00:30]} 6. Be2 {[%emt 0:02:30]} g6 {[%emt 0:00:30]} 7. O-O {[%emt 0:00:30]} Bg7 {[%emt 0:00:30]} 8. a4 {[%emt 0:00:30]} a5 {[%emt 0:00:30]} 9. Na3 {[%emt 0:00:30]} O-O {[%emt 0:00:30]} 10. Nc4 {[%emt 0:01:30]} Ne4 {[%emt 0:02:30]} 11. Bxg7 {[%emt 0:11:30]} Kxg7 {[%emt 0:00:30]} 12. Qe1 {[%emt 0:02:30]} e6 {[%emt 0:05:30]} 13. d3 {[%emt 0:02:30]} Nec5 {[%emt 0:00:30]} 14. Qg3 {[%emt 0:07:30]} Qe7 {[%emt 0:03:30]} 15. Nd4 {[%emt 0:03:30]} f5 {[%emt 0:01:30]} 16. Rae1 {[%emt 0:04:30]} Rae8 {[%emt 0:02:30]} 17. Bf3 {[%emt 0:04:30]} Bxf3 {[%emt 0:01:30]} 18. Rxf3 {[%emt 0:01:30]} Nf6 {[%emt 0:02:30]} 19. Rff1 {[%emt 0:05:30]} Qd7 {[%emt 0:09:30]} 20. Nf3 {[%emt 0:03:30]} Qc6 {[%emt 0:04:30]} 21. Nh4 {[%emt 0:10:30]} Ncd7 {[%emt 0:03:30]} 22. Re2 {[%emt 0:04:30]} Qc5 {[%emt 0:04:30]} 23. Rf3 {[%emt 0:01:30]} b5 {[%emt 0:04:30]} 24. axb5 {[%emt 0:00:30]} a4 {[%emt 0:01:30]} 25. bxa4 {[%emt 0:00:30]} Ra8 {[%emt 0:00:30]} 26. a5 {[%emt 0:05:30]} Qxb5 {[%emt 0:01:30]} 27. h3 {[%emt 0:01:30]} d5 {[%emt 0:11:30]} 28. Ne5 {[%emt 0:00:30]} Nxe5 {[%emt 0:00:30]} 29. fxe5 {[%emt 0:00:00]} Ne4 {[%emt 0:00:30]} 30. dxe4 {[%emt 0:05:00]} Qxe2 {[%emt 0:01:30]} 31. exf5 {[%emt 0:00:00]} exf5 {[%emt 0:03:30]} 32. e6 {[%emt 0:04:43]} Rae8 {[%emt 0:31:24]} 33. Nxf5+ {[%emt 0:06:20]} Rxf5 {[%emt 0:00:49]} 34. Rxf5 {[%emt 0:00:08]} Kg8 {[%emt 0:01:45]} 35. Rxd5 {[%emt 0:07:19]} Rxe6 {[%emt 0:00:19]} 36. Rd8+ {[%emt 0:00:20]} Kg7 {[%emt 0:01:00]} 37. Qxc7+ {[%emt 0:00:08]} Kh6 {[%emt 0:00:00]} 38. Qf4+ {[%emt 0:00:19]} g5 {[%emt 0:00:23]} 39. Qf8+ {[%emt 0:00:13]} Kg6 {[%emt 0:00:45]} 40. Qg8+ {[%emt 0:00:00]} Kf6 {[%emt 0:01:05]} 41. Rf8+ {[%emt 0:02:00]} Ke5 {[%emt 0:00:30]} 42. Qg7+ {[%emt 0:01:30]} 1-0

[Event "Turkey IS Bank Super League 2017"]
[Site "Darica-Kocaeli"]
[Date "2017.08.04"]
[Round "10"]
[White "Kiremitciyan, Ari"]
[Black "Can, Emre"]
[Result "0-1"]
[WhiteElo "2240"]
[BlackElo "2586"]
[Annotator "TA"]
[PlyCount "80"]
[EventType "team-tourn"]
[EventCountry "TUR"]
[SourceTitle "playchess.com"]
[Source "ChessBase"]
[SourceQuality "1"]

{[%evp 11,80,-8,33,13,29,20,42,50,41,40,52,63,75,25,86,62,91,87,76,57,57,56,64,57,64,46,58,0,2,0,0,0,-2,-3,0,-43,-39,-43,-51,-65,-54,-49,-48,-167,-143,-189,-191,-218,-231,-280,-223,-323,-329,-321,-247,-321,-321,-321,-321,-321,-321,-399,-372,-407,-423,-1006,-964,-1022,-1010,-1111,-1109]} 1. Nf3 g6 2. c4 Bg7 3. d4 f5 4. h3 (4. Nc3 Nf6 5. g3 O-O 6. Bg2 d6 7. O-O c6 8. b3 Qc7 9. Ba3 Ne4 10. Bb2 Nxc3 11. Bxc3 e5 12. dxe5 dxe5 13. e4 f4 14. c5 Bg4 15. b4 Nd7 16. Qb3+ Kh8 17. Rad1 {0-1 (31) Karjakin,S (2760)-Caruana,F (2811) Zurich 2015}) 4... d6 5. Nc3 Nf6 6. Bf4 {A84: Dutch Defence: 2 c4 Miscellaneous} c6 {LiveBook: 3 Games} 7. Qc2 O-O 8. e3 {White has an edge.} Qe8 9. Bh2 Nbd7 10. Be2 e5 11. O-O a6 $146 ({Find the theoretical novelty and annotate with similar games:} 11... Qe7 12. b4 Ne8 13. Rad1 g5 14. c5 d5 15. b5 e4 16. Nd2 Rf6 17. Qb3 Qf7 18. f3 exf3 19. Bxf3 Nf8 20. bxc6 bxc6 21. Nxd5 {1-0 (39) Schmitzer,H (2310)-Schneider,H Germany 1989}) 12. b4 h6 (12... a5 $11) 13. c5 e4 14. Nd2 ({Much worse is} 14. Bxd6 $6 exf3 15. gxf3 Rf7 $11) 14... d5 15. a4 Rf7 16. b5 Nf8 17. bxc6 bxc6 18. a5 Ne6 19. f4 ({White should try} 19. Na4 $14) 19... g5 $11 20. Na4 gxf4 21. Bxf4 Nxf4 22. Rxf4 Be6 23. Nb6 Raa7 24. Qd1 Rf8 25. Qf1 Nh5 26. Bxh5 $1 Qxh5 27. Qd1 ({Better is} 27. Nb3 $15) 27... Qg6 28. Qe2 Bf6 29. h4 Bd8 30. Kh2 Rg7 31. Nf1 (31. Rh1 $142) 31... Bc7 $19 32. g3 Qf6 ({Much less strong is} 32... Bxf4 33. exf4 Qf6 34. Ra4 $19) 33. Ra4 Bxf4 34. exf4 Kh7 35. Qe3 Rfg8 36. Ra3 Qd8 37. Qe2 Bf7 {[%cal Be6f7,Bf7h5,Bh5f3][%mdl 32]} 38. Qxa6 (38. Rc3 $142) 38... Bh5 39. Re3 Bf3 40. Kh3 Qe8 {Precision: White = 24%, Black = 66%.} 0-1

[Event "Turkey IS Bank Super League 2017"]
[Site "Darica-Kocaeli"]
[Date "2017.08.04"]
[Round "10"]
[White "Tasdogen, Dincer"]
[Black "Uzumcu, Ahmet Utku"]
[Result "1-0"]
[WhiteElo "2215"]
[BlackElo "2223"]
[Annotator "NA"]
[PlyCount "59"]
[EventType "team-tourn"]
[EventCountry "TUR"]
[SourceTitle "playchess.com"]
[Source "ChessBase"]
[SourceQuality "1"]
[TimeControl "40/5400+30:1800+30"]

{[%evp 10,45,7,15,9,8,32767,32767,32767,30,45,32767,42,86,53,70,122,32767,141,150,177,171,389,389,441,244,382,32767,32767,32767,32767,32767,32767,32767,32767,650,822,901]} 1. e4 {[%emt 0:00:30]} c5 {[%emt 0:01:00]} 2. Ne2 {[%emt 0:00:30]} Nf6 {[%emt 0:00:30]} 3. Nbc3 {[%emt 0:00:30]} d6 {[%emt 0:00:30]} 4. g3 {[%emt 0:00:00]} g6 {[%emt 0:03:30] B23: Closed Sicilian: Lines without g3} 5. Bg2 {[%emt 0:00:00]} Bg7 {[%emt 0:00:30]} 6. O-O {[%emt 0:00:00]} O-O {[%emt 0:03:30]} 7. d3 {[%emt 0:00:00]} e5 {[%emt 0:01:30]} 8. f4 {[%emt 0:08:30]} Nc6 {[%emt 0:10:30]} 9. h3 {[%emt 0:13:30] LiveBook: 9 Games} h6 {[%emt 0:05:30]} (9... Nd4 10. f5 b5 11. Nxd4 cxd4 12. Ne2 d5 13. g4 dxe4 14. Ng3 Rb8 15. g5 e3 16. gxf6 Bxf6 {0-1 (29) Jobava,B (2707)-Carlsen,M (2832) Leuven 2017}) 10. f5 {[%emt 0:13:30]} Nd4 {[%emt 0:04:30] [#]} 11. g4 $1 {[%emt 0:05:30]} Bd7 {[%emt 0:09:30]} 12. Ng3 {[%emt 0:11:30]} Nh7 $146 {[%emt 0:10:30]} ({Find the theoretical novelty and annotate with similar games:} 12... Kh7 13. Nce2 g5 14. c3 Nxe2+ 15. Qxe2 Bc6 16. c4 {½-½ (43) Kraupfogel,M-Huber,A (2034) Graz 2004}) 13. Nd5 {[%emt 0:03:30]} b5 {[%emt 0:09:30]} 14. c3 {[%emt 0:07:30]} Nc6 {[%emt 0:00:30]} 15. Qf3 {[%emt 0:06:30]} Ng5 $2 {[%emt 0:07:30]} (15... Qh4 16. f6 Bh8) 16. Qf2 {[%emt 0:04:30]} Re8 {[%emt 0:02:30]} 17. f6 {[%emt 0:04:54]} (17. fxg6 $142 Rf8 18. gxf7+ Nxf7 19. Nf5) 17... Bf8 {[%emt 0:00:00]} 18. Bxg5 {[%emt 0:03:14]} hxg5 {[%emt 0:00:00]} 19. Qd2 {[%emt 0:00:30]} Bh6 {[%emt 0:00:30]} 20. h4 {[%emt 0:00:30]} Bxg4 {[%emt 0:00:30]} 21. hxg5 {[%emt 0:00:30]} Bf8 {[%emt 0:01:30]} 22. Kf2 {[%emt 0:01:35]} Be6 {[%emt 0:02:30]} 23. Rh1 $18 {[%emt 0:05:43]} Bxd5 {[%emt 0:00:30]} 24. exd5 {[%emt 0:00:30]} e4 {[%emt 0:00:30]} 25. Bxe4 {[%emt 0:00:30]} Ne5 {[%emt 0:00:30]} 26. Rh4 {[%emt 0:00:30]} Bh6 {[%emt 0:00:30]} 27. Kg2 {[%emt 0:00:30]} Bg7 {[%emt 0:00:30]} 28. fxg7 {[%emt 0:00:30]} Kxg7 {[%emt 0:00:00]} 29. Rah1 {[%emt 0:00:54]} Qd7 {[%emt 0:00:00]} 30. Qf4 {[%emt 0:00:00]} 1-0

[Event "Turkey IS Bank Super League 2017"]
[Site "Darica-Kocaeli"]
[Date "2017.08.04"]
[Round "10"]
[White "Kesgin, Halit Kaan"]
[Black "Akdogan, Alperen"]
[Result "1/2-1/2"]
[WhiteElo "2207"]
[BlackElo "2151"]
[Annotator "NA RC"]
[PlyCount "99"]
[EventType "team-tourn"]
[EventCountry "TUR"]
[SourceTitle "playchess.com"]
[Source "ChessBase"]
[SourceQuality "1"]
[TimeControl "40/5400+30:1800+30"]

{[%evp 14,95,75,34,43,27,37,35,27,16,48,37,43,39,70,56,49,86,86,80,74,69,100,65,70,66,76,56,66,65,73,72,66,47,58,60,64,27,52,49,33,28,28,35,29,50,22,13,41,32767,52,61,32767,32767,32767,41,79,19,96,104,105,109,139,133,117,129,124,133,32767,32767,32767,0,46,0,32767,0,0,0,0,32767,32767,32767,-8,-8]} 1. e4 {[%emt 0:00:30]} d5 {[%emt 0:01:00]} 2. exd5 {[%emt 0:00:30]} Qxd5 {[%emt 0:00:30]} 3. Nc3 {[%emt 0:00:30]} Qd6 {[%emt 0:00:30]} 4. d4 {[%emt 0:00:30]} Nf6 {[%emt 0:00:30]} 5. Nf3 {[%emt 0:00:30]} Bg4 {[%emt 0:00:30]} 6. h3 {[%emt 0:00:30]} Bh5 {[%emt 0:00:00] B01: Scandinavian Defence} 7. g4 {[%emt 0:00:00]} Bg6 {[%emt 0:00:00]} 8. Ne5 {[%emt 0:00:00]} Nbd7 {[%emt 0:00:00]} 9. Nxg6 {[%emt 0:00:30]} hxg6 {[%emt 0:00:00]} 10. Bg2 {[%emt 0:00:30] LiveBook: 12 Games} c6 {[%emt 0:00:00]} 11. Qd3 {[%emt 0:00:30]} e6 {[%emt 0:09:00]} 12. Bd2 {[%emt 0:05:30]} Qc7 $146 {[%emt 0:06:30]} ({Predecessor:} 12... Nb6 13. O-O-O Nbd5 14. Ne2 {1-0 (39) Bologan,V (2640)-Kovalenko,I (2684) Tallinn 2016}) 13. O-O-O {[%emt 0:00:30]} O-O-O {[%emt 0:02:30]} 14. Ne2 {[%emt 0:09:30]} e5 {[%emt 0:17:30]} 15. Qb3 {[%emt 0:00:30]} Nb6 {[%emt 0:13:30] [#]} 16. dxe5 $1 {[%emt 0:03:30]} Qxe5 {[%emt 0:00:30]} 17. Rhe1 {[%emt 0:00:30]} Qc7 {[%emt 0:00:00]} 18. Bf4 {[%emt 0:05:30]} Bd6 {[%emt 0:00:00]} 19. Rxd6 {[%emt 0:00:30]} Rxd6 {[%emt 0:00:30]} 20. Qa3 $1 {[%emt 0:00:00]} Rhd8 {[%emt 0:16:30]} 21. Qxa7 {[%emt 0:01:00]} g5 {[%emt 0:03:30]} 22. Bg3 {[%emt 0:06:30]} ({Reject} 22. Bxg5 Re6 $15) 22... Nfd5 {[%emt 0:09:27]} 23. Bxd5 {[%emt 0:24:30]} (23. Be4 $5 {[%cal Re4f5]} g6 24. Qa3 $16) 23... Nxd5 {[%emt 0:00:07]} 24. Qa8+ {[%emt 0:00:30]} Kd7 {[%emt 0:00:07]} 25. Bxd6 {[%emt 0:00:30]} Rxa8 {[%emt 0:00:59]} 26. Bxc7 {[%emt 0:00:30]} Kxc7 {[%emt 0:00:16]} 27. a3 {[%emt 0:00:30]} b5 {[%emt 0:05:57]} 28. Nd4 {[%emt 0:03:30]} Rh8 {[%emt 0:03:12]} 29. Nf3 {[%emt 0:00:30]} f6 {[%emt 0:03:08]} 30. Rh1 {[%emt 0:07:30]} (30. Nd4 $5 {[%cal Re1e6]}) 30... Nf4 {[%emt 0:02:09]} 31. h4 {[%emt 0:00:30]} gxh4 {[%emt 0:00:35]} 32. Rxh4 {[%emt 0:00:30]} Rxh4 {[%emt 0:00:01]} 33. Nxh4 {[%emt 0:00:30]} Nh3 {[%emt 0:00:05]} 34. f3 {[%emt 0:00:30]} Ng1 $1 {[%emt 0:00:06]} 35. Nf5 {[%emt 0:01:30]} Nxf3 {[%emt 0:00:30]} ({Black should play} 35... g6 $1 $14 36. Nd4 Kb6) 36. Nxg7 {[%emt 0:00:00]} Kd6 {[%emt 0:00:25]} 37. b3 {[%emt 0:02:00]} Nh2 {[%emt 0:08:17]} 38. Nf5+ {[%emt 0:02:30]} Kd5 {[%emt 0:00:06]} 39. Ne3+ {[%emt 0:00:30]} Kd4 {[%emt 0:00:22]} 40. a4 {[%emt 0:00:00]} bxa4 {[%emt 0:31:12]} 41. bxa4 {[%emt 0:01:00]} Nf3 {[%emt 0:00:00] [#]} 42. Nf5+ {[%emt 0:01:30]} (42. a5 $1 $16 {[%cal Ra5a6]} Kc5 43. c4) 42... Kc5 {[%emt 0:00:00]} 43. c3 {[%emt 0:02:30]} Ne5 {[%emt 0:00:00]} 44. Nh6 {[%emt 0:02:30]} Kb6 {[%emt 0:00:00]} 45. Kc2 {[%emt 0:01:30]} Ka5 {[%emt 0:00:00]} 46. Ng8 {[%emt 0:06:30]} Nxg4 {[%emt 0:00:00]} 47. Kd3 {[%emt 0:00:00]} Kxa4 {[%emt 0:00:00]} 48. Ke4 $11 {[%emt 0:00:00]} Kb3 {[%emt 0:00:00]} 49. Kf4 {[%emt 0:00:30]} Kxc3 {[%emt 0:00:00]} 50. Ke4 {[%emt 0:00:30]} 1/2-1/2